[Event "WCO 2016"]
[Site "?"]
[Date "2016.09.13"]
[Round "11"]
[Board "8"]
[WhiteID "118702"]
[White "Martinez Ayelen"]
[BlackID "928879"]
[Black "Drljevic Ljilja"]
[Result "1-0"]
[BlackElo "2207"]
[WhiteElo "2219"]
[LiveChessVersion "1.4.8"]

1. e4 {[%clk 1:30:56]} g6 {[%clk 1:30:51]} 2. d4 {[%clk 1:31:05]} Bg7
{[%clk 1:31:18]} 3. Nc3 {[%clk 1:31:05]} d6 {[%clk 1:31:42]} 4. Be3
{[%clk 1:30:24]} Nf6 {[%clk 1:30:52]} 5. Qd2 {[%clk 1:29:55]} c6 {[%clk 1:29:30]}
6. Nf3 {[%clk 1:29:38]} O-O {[%clk 1:28:31]} 7. h3 {[%clk 1:27:41]} Qc7
{[%clk 1:25:04]} 8. Bd3 {[%clk 1:26:42]} e5 {[%clk 1:24:42]} 9. dxe5
{[%clk 1:22:28]} dxe5 {[%clk 1:25:09]} 10. Ne2 {[%clk 1:18:50]} b6
{[%clk 0:49:17]} 11. Ng3 {[%clk 1:17:00]} c5 {[%clk 0:45:45]} 12. Bh6
{[%clk 1:15:08]} c4 {[%clk 0:27:19]} 13. Bxg7 {[%clk 1:13:02]} Kxg7
{[%clk 0:27:46]} 14. Qc3 {[%clk 1:13:26]} b5 {[%clk 0:26:50]} 15. a4
{[%clk 1:12:15]} Bb7 {[%clk 0:22:26]} 16. axb5 {[%clk 1:09:47]} Rc8
{[%clk 0:22:44]} 17. Be2 {[%clk 1:09:41]} Nbd7 {[%clk 0:22:59]} 18. Nd2
{[%clk 0:57:56]} Nb6 {[%clk 0:23:07]} 19. O-O {[%clk 0:52:23]} h5
{[%clk 0:23:04]} 20. Qe3 {[%clk 0:51:58]} Nh7 {[%clk 0:20:04]} 21. Nf3
{[%clk 0:46:54]} Qe7 {[%clk 0:14:35]} 22. h4 {[%clk 0:45:16]} Rc5
{[%clk 0:12:32]} 23. Ra5 {[%clk 0:44:59]} Bc6 {[%clk 0:11:10]} 24. Qa3
{[%clk 0:37:18]} Be8 {[%clk 0:10:22]} 25. Ra1 {[%clk 0:37:00]} Kf8
{[%clk 0:09:23]} 26. b3 {[%clk 0:30:07]} f6 {[%clk 0:07:56]} 27. bxc4
{[%clk 0:27:39]} Nxc4 {[%clk 0:07:42]} 28. Bxc4 {[%clk 0:28:05]} Rxc4
{[%clk 0:08:10]} 29. Qe3 {[%clk 0:27:56]} Rxc2 {[%clk 0:05:32]} 30. b6
{[%clk 0:15:53]} Rd8 {[%clk 0:05:57]} 31. bxa7 {[%clk 0:15:56]} Ra8
{[%clk 0:06:20]} 32. Ne1 {[%clk 0:14:34]} Rc7 {[%clk 0:06:07]} 33. Nd3
{[%clk 0:13:54]} Kg7 {[%clk 0:05:43]} 34. f4 {[%clk 0:13:39]} Nf8
{[%clk 0:03:20]} 35. fxe5 {[%clk 0:13:47]} fxe5 {[%clk 0:02:18]} 36. Rxe5
{[%clk 0:13:57]} Qf6 {[%clk 0:02:46]} 37. Rea5 {[%clk 0:09:55]} Ne6
{[%clk 0:02:00]} 38. Rb1 {[%clk 0:07:07]} Qc3 {[%clk 0:00:57]} 39. Ra6
{[%clk 0:02:53]} Bd7 {[%clk 0:01:25]} 40. Rc1 {[%clk 0:31:53]} Qb3
{[%clk 0:30:41]} 41. Rxc7 {[%clk 0:28:29]} Nxc7 {[%clk 0:28:25]} 42. Rxg6+
{[%clk 0:28:08]} Kxg6 {[%clk 0:28:36]} 43. Ne5+ {[%clk 0:28:28]} 1-0

[Event "WCO 2016"]
[Site "?"]
[Date "2016.09.13"]
[Round "11"]
[Board "9"]
[WhiteID "4641833"]
[White "Paehtz Elisabeth"]
[BlackID "623725"]
[Black "Milliet Sophie"]
[Result "1/2-1/2"]
[BlackElo "2362"]
[WhiteElo "2474"]
[LiveChessVersion "1.4.8"]

1. Nf3 {[%clk 1:30:58]} Nf6 {[%clk 1:30:55]} 2. c4 {[%clk 1:31:23]} e6
{[%clk 1:31:16]} 3. g3 {[%clk 1:30:30]} a6 {[%clk 1:31:36]} 4. e3
{[%clk 1:28:34]} d5 {[%clk 1:31:29]} 5. b3 {[%clk 1:28:02]} c5 {[%clk 1:30:56]}
6. Bg2 {[%clk 1:26:15]} Nc6 {[%clk 1:28:24]} 7. O-O {[%clk 1:26:27]} dxc4
{[%clk 1:21:39]} 8. bxc4 {[%clk 1:26:43]} Qd3 {[%clk 1:21:41]} 9. Qb3
{[%clk 1:16:28]} Qxb3 {[%clk 1:19:31]} 10. axb3 {[%clk 1:16:52]} e5
{[%clk 1:08:06]} 11. Nc3 {[%clk 1:16:03]} Bf5 {[%clk 0:57:50]} 12. Nd5
{[%clk 0:59:35]} Rc8 {[%clk 0:50:57]} 13. Nxf6+ {[%clk 0:54:35]} gxf6
{[%clk 0:51:25]} 14. Ne1 {[%clk 0:54:59]} h5 {[%clk 0:47:27]} 15. Bb2
{[%clk 0:48:59]} Be7 {[%clk 0:46:25]} 16. d3 {[%clk 0:44:27]} Nb4
{[%clk 0:28:34]} 17. Bxb7 {[%clk 0:42:20]} Rd8 {[%clk 0:28:57]} 18. Bc3
{[%clk 0:35:55]} Nxd3 {[%clk 0:21:46]} 19. Nxd3 {[%clk 0:24:07]} Rxd3
{[%clk 0:22:05]} 20. Rfc1 {[%clk 0:23:12]} O-O {[%clk 0:22:23]} 21. Rxa6
{[%clk 0:15:01]} Rb8 {[%clk 0:22:24]} 22. Ra8 {[%clk 0:13:10]} Rdd8
{[%clk 0:22:49]} 23. Rxb8 {[%clk 0:13:36]} Rxb8 {[%clk 0:23:16]} 24. Bf3
{[%clk 0:14:01]} Bg4 {[%clk 0:06:55]} 25. Bxg4 {[%clk 0:13:11]} hxg4
{[%clk 0:07:23]} 26. Rb1 {[%clk 0:13:32]} e4 {[%clk 0:07:36]} 27. h3
{[%clk 0:12:10]} gxh3 {[%clk 0:07:59]} 28. Kh2 {[%clk 0:12:35]} Kg7
{[%clk 0:07:16]} 29. Kxh3 {[%clk 0:12:58]} Kg6 {[%clk 0:07:37]} 30. Kg2
{[%clk 0:11:06]} Bd6 {[%clk 0:04:29]} 31. Kf1 {[%clk 0:10:37]} Kg5
{[%clk 0:02:49]} 32. Ke2 {[%clk 0:09:33]} f5 {[%clk 0:03:16]} 33. Kf1
{[%clk 0:08:11]} Kg4 {[%clk 0:02:25]} 34. Kg2 {[%clk 0:08:34]} Be7
{[%clk 0:00:56]} 35. Be5 {[%clk 0:08:05]} Rb7 {[%clk 0:00:57]} 36. Rd1
{[%clk 0:06:24]} Rxb3 {[%clk 0:00:43]} 37. Rd7 {[%clk 0:06:48]} Bg5
{[%clk 0:00:44]} 38. Rc7 {[%clk 0:05:49]} Bxe3 {[%clk 0:00:31]} 39. fxe3
{[%clk 0:06:04]} Rxe3 {[%clk 0:00:56]} 40. Rxc5 {[%clk 0:34:14]} Re2+
{[%clk 0:31:17]} 41. Kf1 {[%clk 0:31:48]} Rc2 {[%clk 0:30:53]} 42. Bd6
{[%clk 0:21:38]} f6 {[%clk 0:19:12]} 43. Bf4 {[%clk 0:15:39]} e3 {[%clk 0:16:26]}
44. Bxe3 {[%clk 0:14:20]} Kxg3 {[%clk 0:16:47]} 45. Ke1 {[%clk 0:07:45]} f4
{[%clk 0:16:42]} 46. Kd1 {[%clk 0:07:14]} Rh2 {[%clk 0:11:20]} 47. Bd4
{[%clk 0:06:01]} f3 {[%clk 0:11:23]} 48. Rd5 {[%clk 0:06:03]} Rh4
{[%clk 0:08:12]} 49. Kd2 {[%clk 0:04:42]} Rf4 {[%clk 0:02:47]} 50. c5
{[%clk 0:03:59]} f2 {[%clk 0:03:10]} 51. Bxf2+ {[%clk 0:04:25]} Rxf2+
{[%clk 0:03:23]} 52. Kc3 {[%clk 0:03:09]} Rf1 {[%clk 0:03:10]} 53. Rd2
{[%clk 0:02:21]} Re1 {[%clk 0:01:49]} 54. Kd4 {[%clk 0:02:40]} Re8
{[%clk 0:01:34]} 55. Rd3+ {[%clk 0:01:28]} Kg4 {[%clk 0:02:02]} 56. c6
{[%clk 0:01:47]} f5 {[%clk 0:01:31]} 57. c7 {[%clk 0:00:45]} Rc8 {[%clk 0:01:41]}
58. Rc3 {[%clk 0:01:11]} f4 {[%clk 0:01:54]} 59. Kd5 {[%clk 0:01:38]} f3
{[%clk 0:02:03]} 60. Kd6 {[%clk 0:02:04]} f2 {[%clk 0:02:10]} 61. Rc1
{[%clk 0:02:31]} Kf3 {[%clk 0:02:34]} 62. Kd7 {[%clk 0:02:58]} Rxc7+
{[%clk 0:03:00]} 63. Kxc7 {[%clk 0:03:23]} Kg2 {[%clk 0:03:24]} 64. Kd6
{[%clk 0:03:50]} f1=Q {[%clk 0:03:49]} 65. Rxf1 {[%clk 0:04:17]} Kxf1 1/2-1/2

[Event "WCO 2016"]
[Site "?"]
[Date "2016.09.13"]
[Round "11"]
[Board "10"]
[WhiteID "2902265"]
[White "Collas Silvia"]
[BlackID "1106686"]
[Black "Michna Marta"]
[Result "1-0"]
[BlackElo "2383"]
[WhiteElo "2301"]
[LiveChessVersion "1.4.8"]

1. d4 {[%clk 1:30:54]} Nf6 {[%clk 1:30:51]} 2. c4 {[%clk 1:30:46]} c5
{[%clk 1:31:10]} 3. d5 {[%clk 1:30:36]} e5 {[%clk 1:31:20]} 4. Nc3
{[%clk 1:30:02]} d6 {[%clk 1:31:46]} 5. e4 {[%clk 1:29:31]} Be7 {[%clk 1:32:06]}
6. g3 {[%clk 1:29:00]} O-O {[%clk 1:30:45]} 7. h4 {[%clk 1:29:22]} Na6
{[%clk 1:19:41]} 8. Bh3 {[%clk 1:26:42]} Bxh3 {[%clk 1:04:27]} 9. Rxh3
{[%clk 1:27:05]} Qd7 {[%clk 1:00:46]} 10. Kf1 {[%clk 1:23:57]} Nc7
{[%clk 1:00:58]} 11. Qd3 {[%clk 1:21:08]} b5 {[%clk 0:58:32]} 12. cxb5
{[%clk 1:13:59]} Rfb8 {[%clk 0:58:52]} 13. a4 {[%clk 1:14:23]} a6
{[%clk 0:58:44]} 14. bxa6 {[%clk 1:14:29]} Nxa6 {[%clk 0:53:12]} 15. Kg2
{[%clk 1:13:28]} Nb4 {[%clk 0:44:50]} 16. Qe2 {[%clk 1:12:56]} c4
{[%clk 0:38:34]} 17. Qxc4 {[%clk 1:10:39]} Nc2 {[%clk 0:38:14]} 18. Rb1
{[%clk 1:10:06]} Rb4 {[%clk 0:29:46]} 19. Qe2 {[%clk 1:09:39]} Nd4
{[%clk 0:29:37]} 20. Qd3 {[%clk 1:09:40]} Rb3 {[%clk 0:23:08]} 21. Qd1
{[%clk 0:57:22]} Qb7 {[%clk 0:14:13]} 22. Ra1 {[%clk 0:56:55]} Rb4
{[%clk 0:11:26]} 23. f3 {[%clk 0:52:40]} Nd7 {[%clk 0:06:41]} 24. Ra2
{[%clk 0:48:40]} Nc5 {[%clk 0:05:51]} 25. Kh1 {[%clk 0:43:07]} f5
{[%clk 0:04:14]} 26. exf5 {[%clk 0:39:50]} Nxf5 {[%clk 0:04:38]} 27. g4
{[%clk 0:34:08]} Nd4 {[%clk 0:05:01]} 28. Rh2 {[%clk 0:34:31]} Rf8
{[%clk 0:04:21]} 29. Be3 {[%clk 0:33:34]} Qa6 {[%clk 0:03:41]} 30. Ra3
{[%clk 0:30:04]} Qc4 {[%clk 0:03:39]} 31. a5 {[%clk 0:26:10]} Nd3
{[%clk 0:02:17]} 32. a6 {[%clk 0:24:56]} Nxb2 {[%clk 0:01:14]} 33. Qa1
{[%clk 0:24:58]} Nxf3 {[%clk 0:01:11]} 34. Rxb2 {[%clk 0:24:32]} Rxb2
{[%clk 0:01:09]} 35. Qxb2 {[%clk 0:24:40]} Qxg4 {[%clk 0:01:28]} 36. Ra4
{[%clk 0:14:40]} Nd4 {[%clk 0:01:54]} 37. a7 {[%clk 0:13:17]} Rf1
{[%clk 0:01:09]} 38. a8=Q+ {[%clk 0:12:48]} Bf8 {[%clk 0:01:35]} 39. Qh2
{[%clk 0:09:27]} Rxg1+ {[%clk 0:01:21]} 40. Bxg1 {[%clk 0:39:21]} 1-0

[Event "WCO 2016"]
[Site "?"]
[Date "2016.09.13"]
[Round "11"]
[Board "11"]
[WhiteID "14200686"]
[White "Levushkina Elena"]
[BlackID "634581"]
[Black "Congiu Mathilde"]
[Result "1/2-1/2"]
[BlackElo "2232"]
[WhiteElo "2342"]
[LiveChessVersion "1.4.8"]

1. e4 {[%clk 1:30:57]} c5 {[%clk 1:30:39]} 2. Nf3 {[%clk 1:31:19]} d6
{[%clk 1:30:55]} 3. Bb5+ {[%clk 1:31:44]} Nd7 {[%clk 1:30:59]} 4. d4
{[%clk 1:31:59]} cxd4 {[%clk 1:31:08]} 5. Qxd4 {[%clk 1:32:24]} a6
{[%clk 1:31:23]} 6. Bxd7+ {[%clk 1:32:48]} Bxd7 {[%clk 1:31:43]} 7. c4
{[%clk 1:33:05]} e5 {[%clk 1:31:30]} 8. Qd3 {[%clk 1:33:22]} b5 {[%clk 1:31:30]}
9. Nc3 {[%clk 1:33:02]} bxc4 {[%clk 1:31:27]} 10. Qxc4 {[%clk 1:33:23]} Be6
{[%clk 1:30:49]} 11. Qd3 {[%clk 1:19:41]} h6 {[%clk 1:27:52]} 12. O-O
{[%clk 1:19:46]} Nf6 {[%clk 1:27:45]} 13. Rd1 {[%clk 1:02:21]} Be7
{[%clk 1:25:33]} 14. Qe2 {[%clk 1:00:03]} Qc7 {[%clk 1:23:34]} 15. h3
{[%clk 1:00:04]} O-O {[%clk 1:21:37]} 16. Nh2 {[%clk 0:42:59]} Rfc8
{[%clk 1:11:09]} 17. Nf1 {[%clk 0:33:27]} Qb7 {[%clk 1:09:22]} 18. Ng3
{[%clk 0:32:43]} Rab8 {[%clk 0:50:20]} 19. Qf3 {[%clk 0:29:40]} Rc7
{[%clk 0:42:41]} 20. b3 {[%clk 0:26:57]} Qc8 {[%clk 0:32:54]} 21. Bb2
{[%clk 0:26:56]} Nh7 {[%clk 0:31:35]} 22. Nd5 {[%clk 0:20:23]} Bxd5
{[%clk 0:31:52]} 23. Rxd5 {[%clk 0:20:23]} Ng5 {[%clk 0:25:07]} 24. Qd1
{[%clk 0:16:17]} g6 {[%clk 0:16:39]} 25. Ba3 {[%clk 0:14:46]} Rb6
{[%clk 0:16:30]} 26. Bxd6 {[%clk 0:13:02]} Bxd6 {[%clk 0:16:43]} 27. Rxd6
{[%clk 0:13:28]} Rxd6 {[%clk 0:17:06]} 28. Qxd6 {[%clk 0:13:49]} Rc1+
{[%clk 0:16:39]} 29. Rxc1 {[%clk 0:14:01]} Qxc1+ {[%clk 0:17:04]} 30. Nf1
{[%clk 0:09:50]} Nxe4 {[%clk 0:15:42]} 31. Qb8+ {[%clk 0:07:03]} Kh7
{[%clk 0:16:02]} 32. Qxe5 {[%clk 0:06:20]} Qe1 {[%clk 0:13:00]} 33. Qf4
{[%clk 0:04:53]} Kg7 {[%clk 0:10:39]} 34. g3 {[%clk 0:03:36]} Ng5
{[%clk 0:09:27]} 35. Qg4 {[%clk 0:01:13]} Ne4 {[%clk 0:06:53]} 36. Qf4
{[%clk 0:01:26]} Ng5 {[%clk 0:07:18]} 37. Qd4+ {[%clk 0:01:42]} Kh7
{[%clk 0:07:27]} 38. Qe3 {[%clk 0:01:15]} Qd1 {[%clk 0:05:49]} 39. Kg2
{[%clk 0:00:55]} Qd5+ {[%clk 0:03:48]} 40. f3 {[%clk 0:31:07]} Qf5
{[%clk 0:33:07]} 41. h4 {[%clk 0:28:29]} Ne6 {[%clk 0:28:25]} 42. Qe4
{[%clk 0:25:25]} Qa5 {[%clk 0:26:44]} 43. a4 {[%clk 0:22:20]} Qc3
{[%clk 0:26:07]} 44. Qc4 {[%clk 0:13:39]} Qb2+ {[%clk 0:21:33]} 45. Kg1
{[%clk 0:11:28]} Kg7 {[%clk 0:18:21]} 46. Qxa6 {[%clk 0:07:32]} Qxb3
{[%clk 0:16:37]} 47. Qb5 {[%clk 0:04:23]} Qxf3 {[%clk 0:11:35]} 48. Qb2+
{[%clk 0:03:47]} Kg8 {[%clk 0:02:47]} 49. a5 {[%clk 0:03:45]} Qd5
{[%clk 0:01:24]} 50. a6 {[%clk 0:02:33]} Qc5+ {[%clk 0:01:47]} 51. Qf2
{[%clk 0:02:03]} Nd4 {[%clk 0:00:51]} 52. Qe3 {[%clk 0:01:57]} Qa7
{[%clk 0:00:38]} 53. Kf2 {[%clk 0:01:28]} Kh7 {[%clk 0:00:46]} 54. Nd2
{[%clk 0:01:43]} Qd7 {[%clk 0:01:01]} 55. Ne4 {[%clk 0:01:08]} Kg7
{[%clk 0:01:07]} 56. Qf4 {[%clk 0:01:24]} Nc6 {[%clk 0:00:48]} 57. Qf6+
{[%clk 0:01:28]} Kh7 {[%clk 0:01:06]} 58. Qc3 {[%clk 0:01:32]} Qf5+
{[%clk 0:00:58]} 59. Qf3 {[%clk 0:01:41]} Qe6 {[%clk 0:00:44]} 60. Nc5
{[%clk 0:01:26]} Qa2+ {[%clk 0:01:08]} 61. Qe2 {[%clk 0:01:47]} Qa5
{[%clk 0:00:53]} 62. Ne4 {[%clk 0:01:05]} Qb6+ {[%clk 0:01:12]} 63. Kg2
{[%clk 0:01:26]} Qd4 {[%clk 0:00:38]} 64. Kh2 {[%clk 0:01:10]} Ne5
{[%clk 0:00:45]} 65. Nf6+ {[%clk 0:00:48]} Kg7 {[%clk 0:01:06]} 66. Ne8+
{[%clk 0:00:44]} Kf8 {[%clk 0:01:13]} 67. Nc7 {[%clk 0:00:58]} Ng4+
{[%clk 0:01:08]} 68. Kg2 {[%clk 0:00:49]} Ne3+ {[%clk 0:00:47]} 69. Kf3
{[%clk 0:00:50]} Nc4 {[%clk 0:00:38]} 70. Qe8+ {[%clk 0:00:37]} Kg7
{[%clk 0:01:04]} 71. Ke2 {[%clk 0:00:34]} Qd2+ {[%clk 0:00:56]} 72. Kf3
{[%clk 0:00:56]} Qc3+ {[%clk 0:00:56]} 73. Kf2 {[%clk 0:00:54]} Qd4+
{[%clk 0:00:42]} 74. Kg2 {[%clk 0:00:49]} Ne3+ {[%clk 0:00:33]} 75. Kf3
{[%clk 0:00:45]} Nf5 {[%clk 0:00:46]} 1/2-1/2

[Event "WCO 2016"]
[Site "?"]
[Date "2016.09.13"]
[Round "11"]
[Board "12"]
[WhiteID "675946"]
[White "Navrotescu Andreea-Cristiana"]
[BlackID "4690745"]
[Black "Lubbe Melanie"]
[Result "1-0"]
[BlackElo "2324"]
[WhiteElo "2235"]
[LiveChessVersion "1.4.8"]

1. d4 {[%clk 1:30:56]} Nf6 {[%clk 1:30:55]} 2. c4 {[%clk 1:31:20]} g6
{[%clk 1:31:21]} 3. g3 {[%clk 1:31:02]} Bg7 {[%clk 1:31:46]} 4. Bg2
{[%clk 1:31:23]} O-O {[%clk 1:32:07]} 5. Nf3 {[%clk 1:31:39]} d6 {[%clk 1:32:31]}
6. O-O {[%clk 1:31:52]} Nc6 {[%clk 1:32:47]} 7. Nc3 {[%clk 1:32:05]} a6
{[%clk 1:33:02]} 8. d5 {[%clk 1:31:06]} Na5 {[%clk 1:33:22]} 9. b3
{[%clk 1:31:27]} c5 {[%clk 1:21:15]} 10. dxc6 {[%clk 1:30:35]} Nxc6
{[%clk 1:20:04]} 11. Bb2 {[%clk 1:30:50]} Qa5 {[%clk 1:12:35]} 12. Qc1
{[%clk 1:29:21]} Qh5 {[%clk 1:05:37]} 13. h4 {[%clk 1:04:24]} Bd7
{[%clk 1:00:38]} 14. Na4 {[%clk 1:03:40]} Qa5 {[%clk 0:53:14]} 15. c5
{[%clk 0:58:15]} Rad8 {[%clk 0:48:27]} 16. cxd6 {[%clk 0:55:30]} exd6
{[%clk 0:48:49]} 17. Qd2 {[%clk 0:45:50]} b5 {[%clk 0:37:02]} 18. Qxa5
{[%clk 0:31:11]} Nxa5 {[%clk 0:37:26]} 19. Nb6 {[%clk 0:27:30]} Bc6
{[%clk 0:29:45]} 20. Rac1 {[%clk 0:25:14]} Nd7 {[%clk 0:21:54]} 21. Bxg7
{[%clk 0:25:19]} Kxg7 {[%clk 0:22:19]} 22. Nxd7 {[%clk 0:24:55]} Rxd7
{[%clk 0:22:13]} 23. Rfd1 {[%clk 0:24:57]} Re8 {[%clk 0:18:53]} 24. Rd2
{[%clk 0:23:56]} Be4 {[%clk 0:17:41]} 25. Bh3 {[%clk 0:22:00]} f5
{[%clk 0:17:23]} 26. Nd4 {[%clk 0:21:48]} Kf6 {[%clk 0:16:35]} 27. f3
{[%clk 0:20:06]} Bb7 {[%clk 0:15:16]} 28. e4 {[%clk 0:18:58]} Re5
{[%clk 0:14:43]} 29. exf5 {[%clk 0:18:43]} gxf5 {[%clk 0:14:31]} 30. f4
{[%clk 0:16:53]} Rc5 {[%clk 0:09:06]} 31. Re1 {[%clk 0:16:53]} Nc6
{[%clk 0:08:52]} 32. Re6+ {[%clk 0:11:44]} Kf7 {[%clk 0:08:55]} 33. Nxf5
{[%clk 0:12:00]} Rc1+ {[%clk 0:04:15]} 34. Kf2 {[%clk 0:12:26]} Kxe6
{[%clk 0:03:00]} 35. Nxd6+ {[%clk 0:12:51]} Ke7 {[%clk 0:02:52]} 36. Bxd7
{[%clk 0:13:16]} Kxd7 {[%clk 0:02:57]} 37. Nxb7+ {[%clk 0:13:42]} Ke6
{[%clk 0:02:27]} 38. g4 {[%clk 0:13:34]} Nb4 {[%clk 0:01:29]} 39. f5+
{[%clk 0:12:05]} Ke5 {[%clk 0:01:41]} 40. Nd8 {[%clk 0:34:01]} h5
{[%clk 0:30:43]} 41. Nf7+ {[%clk 0:16:38]} Kf6 {[%clk 0:30:37]} 42. Nh6
{[%clk 0:16:22]} hxg4 {[%clk 0:28:29]} 43. Kg3 {[%clk 0:16:45]} Rg1+
{[%clk 0:15:41]} 44. Kf4 {[%clk 0:17:14]} Rf1+ {[%clk 0:14:49]} 45. Kxg4
{[%clk 0:17:30]} Rg1+ {[%clk 0:14:47]} 46. Kh5 {[%clk 0:17:11]} Rg3
{[%clk 0:13:34]} 47. Rd6+ {[%clk 0:16:47]} Ke7 {[%clk 0:11:01]} 48. Rg6
{[%clk 0:11:05]} Rf3 {[%clk 0:11:19]} 49. f6+ {[%clk 0:11:09]} Kd7
{[%clk 0:11:32]} 50. Rg7+ {[%clk 0:10:43]} Ke6 {[%clk 0:09:56]} 51. Re7+
{[%clk 0:10:55]} Kd6 {[%clk 0:10:01]} 52. Nf7+ {[%clk 0:09:20]} Kc5
{[%clk 0:09:20]} 53. Ng5 {[%clk 0:09:26]} Rf1 {[%clk 0:08:02]} 54. f7
{[%clk 0:09:22]} Nd5 {[%clk 0:08:23]} 55. Re1 {[%clk 0:07:18]} Rf5
{[%clk 0:06:56]} 56. f8=Q+ 1-0

[Event "WCO 2016"]
[Site "?"]
[Date "2016.09.13"]
[Round "11"]
[Board "9"]
[WhiteID "5212499"]
[White "Frayna Janelle Mae"]
[BlackID "12801259"]
[Black "Cmilyte Viktorija"]
[Result "0-1"]
[BlackElo "2536"]
[WhiteElo "2281"]
[LiveChessVersion "1.4.8"]

1. d4 {[%clk 1:30:30]} f5 {[%clk 1:30:51]} 2. Nc3 {[%clk 1:29:06]} Nf6
{[%clk 1:31:14]} 3. Bf4 {[%clk 1:27:28]} e6 {[%clk 1:11:00]} 4. h3
{[%clk 1:24:11]} Bb4 {[%clk 1:05:45]} 5. Qd3 {[%clk 1:19:48]} b6 {[%clk 0:55:15]}
6. a3 {[%clk 1:17:23]} Bxc3+ {[%clk 0:53:01]} 7. Qxc3 {[%clk 1:17:46]} Nc6
{[%clk 0:48:23]} 8. Nf3 {[%clk 1:14:50]} Bb7 {[%clk 0:45:46]} 9. Bg5
{[%clk 1:09:42]} h6 {[%clk 0:43:19]} 10. Bxf6 {[%clk 1:08:30]} Qxf6
{[%clk 0:43:46]} 11. e3 {[%clk 1:08:47]} O-O-O {[%clk 0:39:52]} 12. Bb5
{[%clk 1:05:12]} Ne7 {[%clk 0:39:03]} 13. O-O-O {[%clk 1:00:21]} g5
{[%clk 0:37:51]} 14. Qd3 {[%clk 0:58:06]} Be4 {[%clk 0:34:47]} 15. Qe2
{[%clk 0:58:15]} d6 {[%clk 0:30:22]} 16. Bd3 {[%clk 0:58:07]} Rhf8
{[%clk 0:25:32]} 17. Ne1 {[%clk 0:52:44]} Bb7 {[%clk 0:21:59]} 18. Ba6
{[%clk 0:51:52]} e5 {[%clk 0:22:21]} 19. Bxb7+ {[%clk 0:51:59]} Kxb7
{[%clk 0:22:50]} 20. dxe5 {[%clk 0:47:46]} dxe5 {[%clk 0:23:14]} 21. Rxd8
{[%clk 0:47:52]} Rxd8 {[%clk 0:23:42]} 22. e4 {[%clk 0:48:10]} Qe6
{[%clk 0:16:41]} 23. Kb1 {[%clk 0:44:57]} fxe4 {[%clk 0:09:54]} 24. Qxe4+
{[%clk 0:45:21]} Qc6 {[%clk 0:06:15]} 25. Qxc6+ {[%clk 0:43:51]} Nxc6
{[%clk 0:06:44]} 26. Nd3 {[%clk 0:41:43]} e4 {[%clk 0:06:46]} 27. Nb4
{[%clk 0:40:59]} Rd2 {[%clk 0:01:54]} 28. Nxc6 {[%clk 0:37:28]} Kxc6
{[%clk 0:02:22]} 29. Rf1 {[%clk 0:37:53]} Kd5 {[%clk 0:02:37]} 30. Kc1
{[%clk 0:37:41]} e3 {[%clk 0:02:43]} 31. Rd1 {[%clk 0:29:47]} Rxd1+
{[%clk 0:03:08]} 32. Kxd1 {[%clk 0:30:16]} Ke4 {[%clk 0:03:13]} 33. Ke2
{[%clk 0:30:12]} exf2 {[%clk 0:03:39]} 34. Kxf2 {[%clk 0:30:41]} h5
{[%clk 0:01:00]} 35. g3 {[%clk 0:26:29]} a5 {[%clk 0:01:18]} 36. a4
{[%clk 0:25:55]} c6 {[%clk 0:00:59]} 37. Ke2 {[%clk 0:23:06]} b5 {[%clk 0:00:55]}
38. h4 {[%clk 0:17:49]} gxh4 {[%clk 0:00:37]} 39. gxh4 {[%clk 0:18:16]} b4
{[%clk 0:00:38]} 40. b3 {[%clk 0:44:01]} Kf4 {[%clk 0:30:45]} 41. c3
{[%clk 0:31:47]} c5 {[%clk 0:30:33]} 42. cxb4 {[%clk 0:26:58]} cxb4
{[%clk 0:30:59]} 43. Kd3 {[%clk 0:27:23]} Ke5 0-1

[Event "WCO 2016"]
[Site "?"]
[Date "2016.09.13"]
[Round "11"]
[Board "10"]
[WhiteID "12802859"]
[White "Daulyte Deimante"]
[BlackID "5204585"]
[Black "Fronda Jan Jodilyn"]
[Result "1-0"]
[BlackElo "2128"]
[WhiteElo "2421"]
[LiveChessVersion "1.4.8"]

1. e4 {[%clk 1:30:56]} c5 {[%clk 1:30:43]} 2. Nf3 {[%clk 1:31:18]} d6
{[%clk 1:30:50]} 3. d4 {[%clk 1:31:22]} cxd4 {[%clk 1:31:14]} 4. Nxd4
{[%clk 1:31:47]} Nf6 {[%clk 1:31:37]} 5. Nc3 {[%clk 1:32:08]} Nc6
{[%clk 1:30:34]} 6. Bg5 {[%clk 1:30:29]} e6 {[%clk 1:30:04]} 7. Qd2
{[%clk 1:30:21]} a6 {[%clk 1:29:32]} 8. O-O-O {[%clk 1:29:14]} h6
{[%clk 1:28:17]} 9. Nxc6 {[%clk 1:28:24]} bxc6 {[%clk 1:28:42]} 10. Bf4
{[%clk 1:28:40]} d5 {[%clk 1:27:10]} 11. Qe3 {[%clk 1:28:47]} Qa5
{[%clk 1:26:15]} 12. Be2 {[%clk 1:18:44]} Bb4 {[%clk 1:24:26]} 13. Be5
{[%clk 1:17:42]} Qc5 {[%clk 1:03:37]} 14. Qg3 {[%clk 1:02:49]} Bxc3
{[%clk 0:49:56]} 15. Bxc3 {[%clk 1:02:42]} Nxe4 {[%clk 0:49:57]} 16. Qxg7
{[%clk 1:02:47]} Rf8 {[%clk 0:50:17]} 17. Bd4 {[%clk 1:02:53]} Qa5
{[%clk 0:50:19]} 18. Bd3 {[%clk 0:49:39]} c5 {[%clk 0:38:37]} 19. Be5
{[%clk 0:42:57]} f6 {[%clk 0:17:36]} 20. Bxe4 {[%clk 0:42:12]} fxe5
{[%clk 0:16:16]} 21. Bg6+ {[%clk 0:42:20]} Kd8 {[%clk 0:16:38]} 22. Qxf8+
{[%clk 0:42:36]} Kc7 {[%clk 0:17:03]} 23. Qg7+ {[%clk 0:42:21]} Kd6
{[%clk 0:15:46]} 24. Rhe1 {[%clk 0:42:10]} Bd7 {[%clk 0:14:32]} 25. Qxe5+
{[%clk 0:42:10]} Kc6 {[%clk 0:14:57]} 26. Bf7 {[%clk 0:40:41]} Qxa2
{[%clk 0:14:52]} 27. Bxe6 {[%clk 0:40:42]} 1-0